000 00264nam a2200109Ia 4500
008 231212s1984 xx 000 0 und d
041 _aeng
082 _a621.381
100 _aBharagava M.N.
245 _aBasic Electronics And
260 _aNew Delhi
_bTata Mc
_c1984
999 _c959180
_d959180